Statistiques concernant Pokémon Heartgold tout les combats (partie 2)

Cliquez ici pour prendre le quiz!

Statistiques générales

  • Ce quiz a été pris 6 fois
  • Le résultat moyen est 380 sur 498

Statistiques - réponses

HintRéponse% Correct
Kimono KomomoAquali
100%
Scientifique OmarArcanin
100%
Gamin Sancho | Gentleman Ernest | Topdresseur AudreyCaninos
100%
Carabaffe
100%
Carapuce
100%
Dardargnan
100%
Dracaufeu
100%
Dracolosse
100%
Ectoplasma
100%
Florizarre
100%
Gravalanch
100%
Fillette GaëlleGrodoudou
100%
Grolem
100%
Herbizarre
100%
Hypocéan
100%
Marin SigfriedHypotrempe
100%
Maître Peter | Pêcheur YvonLéviator
100%
Marin GastonMachoc
100%
Machopeur
100%
Mackogneur
100%
Magicarpe
100%
Magmar
100%
Montagnard Luca | Topdresseur FélixMagnéton
100%
Prof ColetteMélofée
100%
Champion Morgane | Kimono Umeko | Kinésiste AnselmeMentali
100%
Conseil 4 Marion | Kimono TamaoNoctali
100%
Nosféralto
100%
Onix
100%
Papilusion
100%
Dresseur Red | Gentleman Hughues | Pokéfan Josh | Topdresseur CathyPikachu
100%
Ptéra
100%
Kimono Satsuki | Motard ChristophePyroli
100%
Montagnard Edgar | Montagnard LucienRacaillou
100%
Champion Major BobRaichu
100%
Reptincel
100%
Roucarnage
100%
Ornithologue PhilRoucool
100%
Roucoups
100%
Salamèche
100%
Steelix
100%
Têtarte
100%
Tortank
100%
Guitariste Carlos | Kimono SakuraVoltali
100%
Voltorbe
100%
Aéromite
83%
Rival (starter eau)Aligatueur
83%
Arbok
83%
Scout VivianeAspicot
83%
Fillette Mina | Pokéfan Donald | Topdresseur LeiaBulbizarre
83%
Ornithologue Amin | Ornithologue Brett | Ornithologue JeffCanarticho
83%
Scout FahdChrysacier
83%
Coconfort
83%
Nageuse Samra | Surfer MiloCrustabri
83%
Pêcheur BenvolioDémanta
83%
Démolosse
83%
Jongleur HarpoElectrode
83%
Elektek
83%
Foretress
83%
Topdresseur CarinaGalopa
83%
Grotadmorv
83%
Hypnomade
83%
Conseil 4 AldoKapoéra
83%
Krabboss
83%
Lamantine
83%
Lanturn
83%
Maraiste
83%
Rival (starter plante)Méganium
83%
Rival (starter plante)Meganium
83%
Métamorph
83%
Conseil 4 Koga | Scout CalixteMigalos
83%
Campeur René | Campeur Stéphane | Pokéfan AdelinNidoking
83%
Pique-nique SandyNidoqueen
83%
Nidorina
83%
Ornithologue BobNoarfang
83%
Nostenfer
83%
Octillery
83%
Fillette Alice | Fillette Laura & Fillette DianeOrtide
83%
Nageuse NikkiOtaria
83%
Canon NoémieParas
83%
Elève Bilhal | Topdresseur JackParasect
83%
Piafabec
83%
Pêcheur OlivePoissirène
83%
Poissoroy
83%
Pique-nique ErinPonyta
83%
Rafflesia
83%
Rattatac
83%
| Campeur XavierSimularbre
83%
Crache-feu Bozo | Motard Bruno | Motard Dick | +2 othersSmogo
83%
Crache-feu Akim | Motard BernardSmogogo
83%
Spectrum
83%
Stari
83%
Kinésiste Nataniel | Nageuse SonjaStaross
83%
Intello EdouardTadmorv
83%
Tartard
83%
Triopikeur
83%
Conseil 4 Clément | Elève Tommy | Kinésiste Florent | Ornithologue TéophileXatu
83%
Akwakwak
67%
Alakazam
67%
Amonistar
67%
Elève NestorChétiflor
67%
Colossinge
67%
Pêcheur AzizCorayon
67%
Cornèbre
67%
Cotovol
67%
Dodrio
67%
Ornithologue Billal | Ornithologue SamDoduo
67%
Farfuret
67%
Campeur LaurentFérosinge
67%
Scientifique SammyFeunard
67%
Flagadoss
67%
Fillette Michelle | Pique-nique PauleFloravol
67%
Elève Noah | Pique-nique TaraFouinar
67%
Granivol
67%
Kabutops
67%
Kadabra
67%
Kicklee
67%
Lippoutou
67%
Lokhlass
67%
Magnéti
67%
Mystherbe
67%
Noadkoko
67%
Noeunoeuf
67%
Intello ArtusPorygon
67%
Porygon 2
67%
Psykokwak
67%
Médium IrmaRamoloss
67%
Gamin Romain | Ornithologue Guy | Ornithologue Mamadou | Ornithologue WilliamRapasdepic
67%
Roigada
67%
Ronflex
67%
Montagnard FirminTaupiqueur
67%
Tauros
67%
Teddiursa
67%
Tentacool
67%
Tentacruel
67%
Tygnon
67%
Rival (starter feu)Typhlosion
67%
Volcaropod
67%
Duo Ralf & Kate | Marin Jasper | Nageur Piotr | Nageuse SoizicAzumarill
50%
Boustiflor
50%
Capumain
50%
Topdresseur EtienneCerfrousse
50%
Nageuse TeriCoquiperl
50%
Jumelles Emi & Emma | Topdresseur SeanEmpiflor
50%
Girafarig
50%
Ornithologue FranciscoGoélise
50%
Granbull
50%
Jeune couple Ryo & KimberHéliatronc
50%
Joliflor
50%
Nageur Sergei | Pêcheur MartialKokiyas
50%
Lainergie
50%
Nageuse PaolaLovdisc
50%
Marill
50%
Jongleur Chico | Kinésiste HonoréM.mime
50%
Campeur GustaveMustébouée
50%
Négapi
50%
Campeur MajidParecool
50%
Jumelles Alema & AyaPosipi
50%
Pêcheur MatéoQwilfish
50%
Nageur Bjon | Pêcheur PascalRémoraid
50%
Topdresseur KévinRhinocorne
50%
Campeur ScottyRhinoféros
50%
Elève Justin | Gamin Mercutio | Montagnard GillesSablaireau
50%
Saquedeneu
50%
Pokéfan Clémence | Pokéfan Iban | Topdresseur BertrandSpinda
50%
Pique-nique ChloéSpoink
50%
Topdresseur HatemWattouat
50%
Elève Julien | Prof EuphrasieZigzaton
50%
Topdresseur JovanAbsol
33%
Pique-nique MaëlisBalignon
33%
Pokéfan Léandre | Skieuse RégineCadoizo
33%
Pique-nique BertaChuchmur
33%
Coudlangue
33%
Dynavolt
33%
Motard Alfonso | Motard BalthazarGloupti
33%
Nageuse NickyKeunotor
33%
Campeur OsricLinéon
33%
Ornithologue BretNirondelle
33%
Jumelles Mily & MiliaPhanpy
33%
Motard CornéliusSéviper
33%
Prof JosianneTournegrin
33%
Montagnard Evrard | Médium LolaArchéomire
17%
Camérupt
17%
Pique-nique ZoraCeribou
17%
Intello YannChamallot
17%
Intello WalterChartor
17%
Scout OdilonCheniti
17%
Motard SamsonCradopaud
17%
Ornithologue BernardoEtourmi
17%
Pique-nique MirandaLixy
17%
Lumivole
17%
Marin OlivierMakuhita
17%
Muciole
17%
Motard RaynaldoRapion
17%
Rosélia
17%
Elève ClaudiusRozbouton
17%
Vortente
17%
Grainipiot
0%
Jeune couple Fred & BuffyNénupiot
0%
Roucoops
0%

Distribution des résultats

Percentile par nombre de réponses

% des personnes avec chaque résultat

Votre développement - résultats

Vous n’avez pas pris ce quiz